| 000 | 00904nam a2200193 i 4500 | ||
|---|---|---|---|
| 001 | 143355 | ||
| 003 | ES-MaACL | ||
| 005 | 20230906200805.0 | ||
| 007 | t| | ||
| 008 | 070214s1935 sp a |||| | spa d | ||
| 100 | 1 |
_aSerrano García, Pedro. _9105755 |
|
| 245 | 1 | 0 |
_aDelincuentes profesionales contra la propiedad _b: su clasificación, procedimiento para apoderarse de lo ajeno que usualmente emplean los profesionales del robo, el hurto, la estafa, la falsificación, el chantaje, etc. ; Estados peligrosos o próximos al delito, delincuentes patológicos : con un vocabulario del caló / _cpor Pedro Serrano García. |
| 260 |
_aMadrid : _b[s. n.], _c1935 ( _fImp. Justo López) |
||
| 300 |
_a144 p. : _bil. ; _c19 cm. |
||
| 650 | 4 |
_aDelincuentes. _9165205 |
|
| 650 | 4 |
_aDialecto caló. _9149852 |
|
| 650 | 4 |
_aLengua española- _xArgots y jergas- _vDiccionarios. _9148231 |
|
| 852 |
_aES-MaACL _jC-3936 |
||
| 999 |
_c143355 _d143355 |
||